00728 a2200193 4500020001800000041000800018082001800026100004800044245006300092260003600155300002100191440003100212504004500243650007300288653003200361942001300393999001700406952011100423 a3-540-42336-2 aEng a537.623bH87v aHuebener, R.P.aSchopohl, N.aVolovik, G.E. aVortices in unconventional superconductors and superfluids aBerlin:bSpringer-Verlag,c2001 axvi, 359p. illus aSolid state science series aBibliography at the end of each chapters aSolid physicsaSuperconductorsaSuperfluidsaPhysicsaWaveaDynamics aElectricity and electronics 2ddccGEN c68937d68923 00102ddc4070aTUCLbTUCLcNBd2014-03-06l0o537.623 H87vp140923r2014-03-06 00:00:00w2014-03-06yGEN